000
00468nam a2200133Ia 4500
008
151001s9999||||xx |||||||||||||| ||und||
100
_a
आर पी मित्तल
245
_a
वृद्धावस्था और जीवन भारतीय राष्ट्रीय आंदोलन
250
_a
1
260
_b
युनिटी प्रकाशन प्रा लि . पुणे
260
_c
2010
300
_a
144
365
_b
21
999
_c
1000601
_d
1000598